000 01793nam0a2200325 i 4500
001 RU\NLR\BIBL_A\010355601
005 20260412064018.0
010 _a9785802117019
_9100
021 _aRU
_b2014-17456
_91100
035 _a(NILC)LIBNET\0000411519
035 _a(NLR Aleph) 010355601
090 _a10761731
_c10761731
100 _a20140513d2013 um y0rusy50 ca
101 0 _arus
_aswe
102 _aRU
105 _ay|||j|||0o1yy
200 1 _aШведская лексикология
_eучебное пособие для студентов гуманитарных факультетов
_fИ.В. Романовская, С В. Криворучко
_gМ-во образования и науки Рос. Федерации, Федер. гос. бюджет. образоват. учреждение высш. проф. образования Петрозавод. гос. ун-т
210 _aПетрозаводск
_cИздательство ПетрГУ
_d2013
215 _a54 с.
_d20
320 _aБиблиогр.: с. 50-54
606 1 _aШведский язык
_jУчебные издания для высших учебных заведений
_xЛексикология
_91914262
_3RU\NLR\AUTH\661161723
686 _a81.433.2-3я73
_vLBC/M
_2rubbk
686 1 _aШ143.32-93рус3-3
700 1 _aРомановская
_bИ. В.
_gИрина Валерьевна
701 1 _8rus
_7ca
_aКриворучко
_bС. В.
_cпреподаватель, швед. язык
_gСветлана Васильевна
_3RU\NLR\AUTH\77121070
_9103995
712 0 2 _4570
_aПетрозаводский государственный университет
_3RU\NLR\AUTH\889931527
_9358480
942 _cBOOK
980 _aNBR